|
|
|
|
| LEADER |
01772nam a2200253 a 4500 |
| 001 |
GR-Patra36115 |
| 008 |
140228s2012 gr gz 000 0 gre d |
| 040 |
|
|
|a GrPaTEI
|b gre
|c GR-PaULI
|
| 040 |
|
|
|a GrPaTEI
|b gre
|c GR-PaULI
|
| 100 |
1 |
|
|a Τσέκου, Ελένη
|
| 245 |
1 |
0 |
|a ΔΕΠ-Υ =
|b ADHD: Detailed review of the bibliography literature administration of the diagnostic tool "Test Achenbach" to a limeted sample of teenagers with or without learning disabilities and comparison of their performance : Λεπτομερής ανασκόπηση της διαταραχής χορήγησης του διαγνωστικού εργαλείου "Test Achenbach" σε περιορισμένο δείγμα εφήβων με ή χωρίς μαθησιακή διαταραχή και σύγκριση της επίδοσής τους /
|c Ονοματεώνυμο σπουδαστή: Τσέκου Ελένη ; Εποπτεύουσα καθηγήτρια: Κωτσοπούλου Αγγελική.
|
| 260 |
|
|
|a Πάτρα :
|b ΤΕΙ Δυτικής Ελλάδας,
|c 2012
|
| 300 |
|
|
|a 136 σ. :
|b διαγ., πιν., σχεδ.
|
| 504 |
|
|
|a Βιβλιογραφία: σ. 132
|
| 650 |
|
4 |
|a Πτυχιακή εργασία
|y 2012
|
| 650 |
|
4 |
|a Τέστ Achenbach
|
| 700 |
1 |
|
|a Κωτσοπούλου, Αγγελική
|
| 710 |
0 |
|
|a Σ.Ε.Υ.Π..
|b Τμήμα Λογοθεραπείας
|
| 710 |
0 |
|
|a ΤΕΙ ΔΥΤΙΚΗΣ ΕΛΛΑΔΑΣ
|
| 856 |
4 |
0 |
|u https://nereus.library.upatras.gr/formerpat/ptyxiakes/seyp/seyp_log/2011-2014/11870pe.pdf
|
| 942 |
|
|
|2 ddc
|
| 952 |
|
|
|0 0
|1 0
|2 ddc
|4 0
|7 1
|9 316944
|a LISK
|b LISK
|c BSC
|d 2021-01-17
|e 24
|f 0
|g 0.00
|l 0
|p 92410011870
|r 2021-01-17 00:00:00
|t 1
|w 2021-01-17
|y BKN
|x 20140307 0 0
|x GrPaTEI
|
| 971 |
|
|
|a .b26836877
|b 15-04-20
|c 27-09-16
|
| 999 |
|
|
|c 180390
|d 180390
|